Statistiques concernant Prêtres, curés ou abbés célébres ayant existé ou de fiction

Cliquez ici pour prendre le quiz!

Statistiques générales

  • Ce quiz a été pris 32 fois
  • Le résultat moyen est 5 sur 17

Statistiques - réponses

IndiceNom% Correct
Fernandel a incarné ce curé de fiction dans 5 filmsDon Camillo
71%
Henri Grouès (1912-2007) surnommé l'abbé ...Pierre
61%
Jean-Marie Vianney (1786-1859), surnommé le curé d'...Ars
54%
"La faute de l'abbé ..." : roman de ZolaMouret
50%
lettres de mon moulin" d'Alphonse Daudet : le curé de ...Cucugnan
46%
abbé, auteur du roman "Manon Lescaut"Prevost
39%
"Léon ... prêtre" : film de Melville de 1961 avec J.P Belmondo dans le rôle du prêtreMorin
32%
cet abbé a donné son nom au stade de football d'AuxerreDeschamps
25%
surnommé "le curé des loubards" : père Guy ...Gilbert
25%
Abbé de fiction tiré du roman d'Alexandre Dumas "le comte de Monte Cristo"Faria
25%
né en 1972, il inventa le langage des sourds : l'abbé de l'...Epée
18%
aumônier des galériens,un hôpital parisien porte son nom, Saint ... (3 mots)Vincent de Paul
14%
prêtre français assassiné dans son église le 26-07-2017, il avait 86 ans : Jacques ...Hamel
11%
François, Béranger ... (1852-1917) - abbé de Rennes le ChâteauSaunière
11%
Rôle d'abbé incarné par Gérard Depardieu dans le film "sous le soleil de satan"Donissan
7%
abbé protecteur de Julien Sorel dans "Le rouge et le noir" de StendhalChélan
7%
roman "Splendeurs et misères des courtisanes" de Balzac : abbé Carlos ...Herrera
4%

Distribution des résultats

Percentile par nombre de réponses

% des personnes avec chaque résultat

Votre développement - résultats

Vous n’avez pas pris ce quiz